<?xml version="1.0" encoding="UTF-8"?>
<record
    xmlns:xsi="http://www.w3.org/2001/XMLSchema-instance"
    xsi:schemaLocation="http://www.loc.gov/MARC21/slim http://www.loc.gov/standards/marcxml/schema/MARC21slim.xsd"
    xmlns="http://www.loc.gov/MARC21/slim">

  <leader>01329nam a2200253 a 4500</leader>
  <controlfield tag="001">BRCA_8516</controlfield>
  <controlfield tag="003">FranzMayer</controlfield>
  <controlfield tag="005">20230724112938.0</controlfield>
  <controlfield tag="008">190816s1784----sp-#######---#000-0#spa-#</controlfield>
  <datafield tag="040" ind1=" " ind2=" ">
    <subfield code="a">MFM</subfield>
    <subfield code="b">esp</subfield>
    <subfield code="c">MFM</subfield>
  </datafield>
  <datafield tag="041" ind1=" " ind2=" ">
    <subfield code="a">spa</subfield>
  </datafield>
  <datafield tag="044" ind1=" " ind2=" ">
    <subfield code="a">sp</subfield>
  </datafield>
  <datafield tag="084" ind1=" " ind2=" ">
    <subfield code="a">BE21</subfield>
    <subfield code="b">.P68 1784</subfield>
  </datafield>
  <datafield tag="100" ind1="1" ind2=" ">
    <subfield code="a">Pouget, Francisco Amado</subfield>
    <subfield code="9">21361</subfield>
  </datafield>
  <datafield tag="245" ind1="1" ind2="0">
    <subfield code="a">Instrucciones generales en forma de catecismo</subfield>
    <subfield code="b">en las quales, por la sagrada escritura y la tradici&#xF3;n, se explican en compendio la historia y los dogmas de la religi&#xF3;n, la moral christiana, los sacramentos, la oraci&#xF3;n, las ceremonias y usos de la iglesia. Con dos catecismos abreviados para uso de los ni&#xF1;os</subfield>
    <subfield code="c">escritas en franc&#xE9;s por el P. Francisco Amado Pouget.</subfield>
  </datafield>
  <datafield tag="260" ind1=" " ind2=" ">
    <subfield code="a">Madrid</subfield>
    <subfield code="b">La Imprenta Real</subfield>
    <subfield code="c">1784</subfield>
  </datafield>
  <datafield tag="300" ind1=" " ind2=" ">
    <subfield code="a">[4], xxxii, [40], 301 p. (t.1)</subfield>
    <subfield code="c">20.5 x 14 cm.</subfield>
  </datafield>
  <datafield tag="500" ind1=" " ind2=" ">
    <subfield code="a">En portada : Traducidas ahora nuevamente en castellano sobre la edici&#xF3;n original del a&#xF1;o de 1702, con acuerdo del Excmo. Sr. D. Francisco Antonio Lorenzana, Arzobispo de Toledo, Primado de las Espa&#xF1;as : P. F. M. por Abreu, D. Francisco Antonio de Escartin y Carrera</subfield>
  </datafield>
  <datafield tag="500" ind1=" " ind2=" ">
    <subfield code="a">Estado f&#xED;sico : encuadernaci&#xF3;n manchada y deteriorada</subfield>
  </datafield>
  <datafield tag="650" ind1="1" ind2="4">
    <subfield code="a">Catecismos, espa&#xF1;oles</subfield>
    <subfield code="9">21362</subfield>
  </datafield>
  <datafield tag="650" ind1="1" ind2="4">
    <subfield code="a">Iglesia cat&#xF3;lica</subfield>
    <subfield code="x">Catecismos y credos</subfield>
    <subfield code="9">21363</subfield>
  </datafield>
  <datafield tag="902" ind1=" " ind2=" ">
    <subfield code="a">CFM</subfield>
  </datafield>
  <datafield tag="942" ind1=" " ind2=" ">
    <subfield code="2">lcc</subfield>
    <subfield code="c">B</subfield>
  </datafield>
  <datafield tag="999" ind1=" " ind2=" ">
    <subfield code="c">8182</subfield>
    <subfield code="d">8182</subfield>
  </datafield>
  <datafield tag="952" ind1=" " ind2=" ">
    <subfield code="0">0</subfield>
    <subfield code="1">0</subfield>
    <subfield code="2">lcc</subfield>
    <subfield code="4">0</subfield>
    <subfield code="7">0</subfield>
    <subfield code="8">CFM</subfield>
    <subfield code="a">BRCA</subfield>
    <subfield code="b">BRCA</subfield>
    <subfield code="d">2016-07-14</subfield>
    <subfield code="e">Donaci&#xF3;n</subfield>
    <subfield code="l">0</subfield>
    <subfield code="o">BE21 .P68 1784</subfield>
    <subfield code="p">CFM00021</subfield>
    <subfield code="r">2019-03-22 00:00:00</subfield>
    <subfield code="w">2019-03-22</subfield>
    <subfield code="y">B</subfield>
  </datafield>
</record>
